Culture Générale - Clic Quiz - La réponse est en image #8 - Statistiques

Statistiques générales
  • Ce quiz a été pris 565 fois
    167 depuis la dernière actualisation
  • Le résultat moyen est 25 sur 40
Statistiques - réponses
Hint Réponse % Correct
Krilin dans Dragon Ball Z
89%
Homer Simpson dans Les Simpson
89%
Manu dans Titeuf
88%
Cavalier aux Echecs
88%
Tour aux Echecs
87%
Pion aux Echecs
85%
Point de vue
83%
Terrain de camping pour tentes
81%
Fou aux Echecs
81%
Kenny dans South Park
80%
Inter Milan (Football)
78%
Saumon
76%
Poisson Chat
76%
Atlético de Madrid (Football)
76%
Auberge de jeunesse
76%
Marine Fauthoux (Basket)
67%
Forces armées libanaises
67%
Forces armées britanniques
65%
Piranha
65%
Reine aux Echecs
64%
Roi aux Echecs
64%
Eintracht Francfort (Football)
62%
Peter dans Jumanji
61%
Galatasaray (Football)
59%
Norwich (Football)
58%
Forces armées iraniennes
55%
Cassandre Beaugrand (Triathlon)
51%
Brochet
51%
Tsahal - Armée de défense d'Israël
51%
Morbihan
50%
État-Major des armées françaises
47%
Lot-et-Garonne
43%
Jessica Diggins (Ski de fond)
42%
Alpes-Maritimes
39%
Mikaela Shiffrin (Ski Alpin)
39%
Charente
38%
Point de détente
36%
Dorothea Wierer (Biathlon)
35%
Saône et Loire
31%
Saint-Pierre
31%
Aucun quiz correspondant
Distribution des résultats
% des personnes avec chaque résultat
Percentile par nombre de réponses
Votre historique - résultats
Vous n’avez pas pris ce quiz depuis la dernière actualisation